[Event "Budapest Spring Festival 2019"]
[Site "Budapest"]
[Date "2019.04.12"]
[Round "4.37"]
[White "Bronstein, Or"]
[Black "Karacsonyi, Gellert"]
[Result "1-0"]
[WhiteElo "2387"]
[BlackElo "2279"]
[Annotator "NA"]
[PlyCount "79"]
[EventDate "2019.04.09"]
[EventType "swiss"]
[EventCountry "HUN"]
[SourceTitle "playchess.com"]
[Source "ChessBase"]
[SourceQuality "1"]
[TimeControl "40/5400+30:1800+30"]

1. d4 {[%emt 0:00:03]} Nf6 {[%emt 0:00:10]} 2. c4 {[%emt 0:00:05]} e6 {[%emt 0:00:11]} 3. Nf3 {[%emt 0:00:48]} d5 {[%emt 0:00:08]} 4. g3 {[%emt 0:00:13]} dxc4 {[%emt 0:00:06]} 5. Bg2 {[%emt 0:00:05]} Bd7 {[%emt 0:00:11]} 6. Ne5 {[%emt 0:00:06]} Bc6 {[%emt 0:00:06]} 7. Nxc6 {[%emt 0:00:05]} Nxc6 {[%emt 0:00:08]} 8. O-O {[%emt 0:00:13]} Qd7 {[%emt 0:00:04]} 9. e3 {[%emt 0:00:04]} O-O-O {[%emt 0:00:07]} 10. Nc3 {[%emt 0:01:07]} Nd5 {[%emt 0:00:12]} 11. Bd2 {[%emt 0:00:18]} Bb4 {[%emt 0:00:07]} 12. Na4 {[%emt 0:00:09]} Bxd2 {[%emt 0:19:22]} 13. Qxd2 {[%emt 0:00:34]} Nb6 {[%emt 0:00:22]} 14. Nc5 {[%emt 0:07:24]} Qd6 {[%emt 0:03:02]} 15. b4 {[%emt 0:03:29]} cxb3 {[%emt 0:06:08]} 16. Rfc1 {[%emt 0:00:30]} Nd5 {[%emt 0:12:18]} 17. Qe2 {[%emt 0:07:31]} b2 {[%emt 0:18:30]} 18. Qxb2 {[%emt 0:00:27]} b6 {[%emt 0:00:11]} 19. Na6 {[%emt 0:04:59]} Nb8 {[%emt 0:08:05]} 20. Qb5 {[%emt 0:14:29]} Nxa6 {[%emt 0:00:44]} 21. Qxa6+ {[%emt 0:00:05]} Kb8 {[%emt 0:04:58]} 22. e4 {[%emt 0:19:41]} Nb4 {[%emt 0:00:12]} 23. Qc4 {[%emt 0:00:03]} Qxd4 {[%emt 0:07:52]} 24. Qxc7+ {[%emt 0:00:02]} Ka8 {[%emt 0:00:04]} 25. e5+ {[%emt 0:09:19]} Nd5 {[%emt 0:00:11]} 26. Rd1 {[%emt 0:00:02]} Qg4 {[%emt 0:12:38]} 27. a4 {[%emt 0:00:41]} Qb4 {[%emt 0:04:42]} 28. Rac1 {[%emt 0:07:41]} Rhf8 {[%emt 0:02:40]} 29. a5 {[%emt 0:01:47]} Qb5 {[%emt 0:00:21]} 30. axb6 {[%emt 0:02:56]} Qxb6 {[%emt 0:00:15]} 31. Qc4 {[%emt 0:00:18]} Qb7 {[%emt 0:00:50]} 32. Rb1 {[%emt 0:01:06]} Qd7 {[%emt 0:00:28]} 33. Qc5 {[%emt 0:00:25]} f6 {[%emt 0:00:36]} 34. Ra1 {[%emt 0:01:59]} Rf7 {[%emt 0:00:30]} 35. Ra6 {[%emt 0:01:18]} Qc7 {[%emt 0:00:29]} 36. Qxc7 {[%emt 0:02:55]} Rxc7 {[%emt 0:00:02]} 37. Rxe6 {[%emt 0:00:02]} Rcd7 {[%emt 0:00:59]} 38. Rd6 {[%emt 0:00:12]} Rxd6 {[%emt 0:00:13]} 39. exd6 {[%emt 0:00:02]} Rxd6 {[%emt 0:00:11]} 40. Rxd5 {[%emt 0:00:00]} 1-0

[Event "Budapest Spring Festival 2019"]
[Site "Budapest"]
[Date "2019.04.12"]
[Round "4.38"]
[White "Kathmale, Sameer"]
[Black "Ravi, Teja S."]
[Result "0-1"]
[WhiteElo "2279"]
[BlackElo "2383"]
[Annotator "NA"]
[PlyCount "132"]
[EventDate "2019.04.09"]
[EventType "swiss"]
[EventCountry "HUN"]
[SourceTitle "playchess.com"]
[Source "ChessBase"]
[SourceQuality "1"]
[TimeControl "40/5400+30:1800+30"]

1. e4 {[%emt 0:07:00]} c5 {[%emt 0:00:28]} 2. Nf3 {[%emt 0:00:47]} d6 {[%emt 0:00:23]} 3. d4 {[%emt 0:00:31]} cxd4 {[%emt 0:00:19]} 4. Nxd4 {[%emt 0:00:09]} Nf6 {[%emt 0:00:07]} 5. Nc3 {[%emt 0:00:50]} a6 {[%emt 0:00:51]} 6. Nb3 {[%emt 0:00:08]} g6 {[%emt 0:01:37]} 7. Be2 {[%emt 0:03:34]} Bg7 {[%emt 0:00:06]} 8. Be3 {[%emt 0:01:09]} O-O {[%emt 0:02:18]} 9. O-O {[%emt 0:03:53]} Nc6 {[%emt 0:03:43]} 10. f4 {[%emt 0:00:57]} Bd7 {[%emt 0:02:45]} 11. Bf3 {[%emt 0:03:44]} Rc8 {[%emt 0:02:07] B74: Sicilian Dragon: Classical System with 9 Nb3} 12. Nd5 {[%emt 0:04:29]} Nxd5 {[%emt 0:04:33]} 13. exd5 {[%emt 0:00:02]} Na5 {[%emt 0:00:12]} 14. Nxa5 {[%emt 0:10:20]} Qxa5 {[%emt 0:01:24]} 15. c3 {[%emt 0:00:06]} b5 {[%emt 0:08:02]} 16. a3 {[%emt 0:05:37] [#]} Rfe8 $146 {[%emt 0:06:11]} ({Predecessor:} 16... Qc7 17. Qd2 a5 18. Bd4 Bxd4+ 19. Qxd4 {0-1 (45) Camacho,C (2170)-Kosintseva,N (2517) Richardson 2014}) 17. Re1 {[%emt 0:00:24]} Qc7 {[%emt 0:04:59]} 18. Bd4 {[%emt 0:11:32]} Bxd4+ {[%emt 0:00:53]} 19. Qxd4 {[%emt 0:00:02]} Qc5 {[%emt 0:00:10]} 20. Rad1 {[%emt 0:01:05]} h5 {[%emt 0:02:47]} 21. Kf2 {[%emt 0:02:56]} a5 {[%emt 0:06:25]} 22. Re3 {[%emt 0:04:39]} Qxd4 {[%emt 0:00:33]} 23. Rxd4 {[%emt 0:00:03]} Rc5 {[%emt 0:05:03]} 24. Be2 {[%emt 0:07:55]} Kf8 {[%emt 0:04:53]} 25. h3 {[%emt 0:07:37]} Rb8 {[%emt 0:03:26]} 26. g4 {[%emt 0:02:15]} h4 {[%emt 0:07:43]} 27. g5 {[%emt 0:05:42]} Rbc8 {[%emt 0:09:38]} 28. Bg4 {[%emt 0:09:59]} Bf5 {[%emt 0:05:16]} 29. Bxf5 {[%emt 0:02:19]} gxf5 {[%emt 0:00:04]} 30. Red3 {[%emt 0:01:13]} Kg7 {[%emt 0:04:45]} 31. Re3 {[%emt 0:00:47]} R8c7 {[%emt 0:00:31]} 32. Ke2 {[%emt 0:00:43]} Kg6 {[%emt 0:03:17]} 33. Kd2 {[%emt 0:00:51]} b4 {[%emt 0:01:11]} 34. axb4 {[%emt 0:00:58]} axb4 {[%emt 0:00:04]} 35. Rxb4 {[%emt 0:01:11]} Rxd5+ {[%emt 0:00:04]} 36. Rd4 {[%emt 0:00:31]} Rb5 {[%emt 0:04:00]} 37. b4 {[%emt 0:00:21]} f6 {[%emt 0:00:11]} 38. gxf6 {[%emt 0:00:50]} Kxf6 {[%emt 0:00:02]} 39. Kc2 {[%emt 0:00:32]} Rc6 {[%emt 0:02:25]} 40. Kb3 {[%emt 0:00:00]} e5 {[%emt 0:00:00]} 41. fxe5+ {[%emt 0:08:17]} dxe5 {[%emt 0:05:48]} 42. Rxh4 {[%emt 0:00:48]} Kg5 {[%emt 0:01:28]} 43. Rh8 {[%emt 0:05:46]} e4 {[%emt 0:02:32]} 44. c4 {[%emt 0:05:21]} Re5 {[%emt 0:00:13]} 45. h4+ {[%emt 0:03:00]} Kf4 {[%emt 0:00:32]} 46. Re1 {[%emt 0:00:12]} e3 {[%emt 0:00:12]} 47. b5 {[%emt 0:00:59]} Rd6 {[%emt 0:01:19]} 48. h5 {[%emt 0:01:53]} e2 {[%emt 0:00:37]} 49. Rg8 {[%emt 0:01:57]} Rd1 {[%emt 0:06:36]} 50. Rgg1 {[%emt 0:00:07]} Rxe1 {[%emt 0:00:07]} 51. Rxe1 {[%emt 0:00:05]} Ke3 $19 {[%emt 0:00:03]} 52. b6 {[%emt 0:03:32]} f4 {[%emt 0:00:04]} 53. b7 {[%emt 0:00:22]} Re8 {[%emt 0:00:05]} 54. c5 {[%emt 0:00:26]} f3 {[%emt 0:00:21]} 55. c6 {[%emt 0:00:50]} f2 {[%emt 0:04:39]} 56. Rxe2+ {[%emt 0:00:54]} Kxe2 {[%emt 0:00:03]} 57. c7 {[%emt 0:00:07]} f1=Q {[%emt 0:00:09]} 58. c8=Q {[%emt 0:00:04]} Qf3+ {[%emt 0:05:42]} 59. Kb2 {[%emt 0:02:48]} Qf8 {[%emt 0:03:32]} 60. Qc4+ {[%emt 0:01:14]} Kf3 {[%emt 0:00:30]} 61. Qd5+ {[%emt 0:02:05]} Kg4 {[%emt 0:00:29]} 62. Qd1+ {[%emt 0:00:35]} Kg5 {[%emt 0:00:38]} 63. Qd5+ {[%emt 0:00:02]} Kh6 {[%emt 0:00:14]} 64. Kc3 {[%emt 0:00:34]} Re3+ {[%emt 0:00:57]} 65. Kc4 {[%emt 0:01:24]} Qf4+ {[%emt 0:00:07]} 66. Kc5 {[%emt 0:01:03]} Re5 {[%emt 0:00:05] Kd4} 0-1

[Event "Budapest Spring Festival 2019"]
[Site "Budapest"]
[Date "2019.04.12"]
[Round "4.39"]
[White "Hando, Vilmos"]
[Black "Geher, Koppany"]
[Result "1-0"]
[WhiteElo "2382"]
[BlackElo "2148"]
[Annotator "NA"]
[PlyCount "133"]
[EventDate "2019.04.09"]
[EventType "swiss"]
[EventCountry "HUN"]
[SourceTitle "playchess.com"]
[Source "ChessBase"]
[SourceQuality "1"]
[TimeControl "40/5400+30:1800+30"]

1. c4 {[%emt 0:00:03]} g6 {[%emt 0:00:14]} 2. Nc3 {[%emt 0:00:16]} c5 {[%emt 0:00:15]} 3. Nf3 {[%emt 0:00:25]} Bg7 {[%emt 0:00:09]} 4. d4 {[%emt 0:01:08]} cxd4 {[%emt 0:00:55]} 5. Nxd4 {[%emt 0:00:07]} Nc6 {[%emt 0:00:49]} 6. Nc2 {[%emt 0:02:37]} Nf6 {[%emt 0:06:11]} 7. e4 {[%emt 0:04:36]} d6 {[%emt 0:00:07]} 8. Bd3 {[%emt 0:02:39]} O-O {[%emt 0:00:09]} 9. O-O {[%emt 0:00:07]} Nd7 {[%emt 0:03:38] B37: Sicilian: Maroczy Bind with 5...Bg7, sidelines} 10. f3 $146 {[%emt 0:06:24]} ({Predecessor:} 10. Re1 Nc5 11. Bf1 b6 12. Qd2 Bb7 13. b3 f5 14. exf5 gxf5 15. Bb2 f4 16. Rad1 Kh8 17. Ba1 {½-½ (17) Cigan,S (2358)-Schreiner,P (2419) Austria 2015}) 10... Nc5 {[%emt 0:01:11]} 11. Rb1 {[%emt 0:11:51]} Be6 {[%emt 0:05:18]} 12. Nd5 {[%emt 0:08:45]} a5 {[%emt 0:03:26]} 13. Bg5 {[%emt 0:06:33]} Bxd5 {[%emt 0:05:14]} 14. cxd5 {[%emt 0:01:48]} Nb4 {[%emt 0:00:51]} 15. Bc4 {[%emt 0:07:22]} Nxc2 {[%emt 0:18:09]} 16. Qxc2 {[%emt 0:00:07]} b5 {[%emt 0:03:53]} 17. Be2 {[%emt 0:00:59]} b4 {[%emt 0:00:29]} 18. Kh1 {[%emt 0:08:03]} Qd7 {[%emt 0:03:55]} 19. Bc4 {[%emt 0:01:42]} Rfc8 {[%emt 0:03:20]} 20. Qe2 {[%emt 0:00:40]} Rab8 {[%emt 0:00:33]} 21. b3 {[%emt 0:01:32]} Rc7 {[%emt 0:04:48]} 22. Be3 {[%emt 0:04:05]} Qc8 {[%emt 0:05:25]} 23. Bb5 {[%emt 0:05:33]} Bc3 {[%emt 0:10:05]} 24. Rbd1 {[%emt 0:06:41]} Qb7 {[%emt 0:02:18]} 25. Bc6 {[%emt 0:03:01]} Qa6 {[%emt 0:00:36]} 26. Qxa6 {[%emt 0:03:59]} Nxa6 {[%emt 0:00:01]} 27. Rc1 {[%emt 0:02:49]} f6 {[%emt 0:10:12]} 28. g3 {[%emt 0:02:12]} Kf7 {[%emt 0:00:38]} 29. Kg2 {[%emt 0:00:30]} Nc5 {[%emt 0:03:20]} 30. Bxc5 {[%emt 0:02:59]} dxc5 {[%emt 0:00:02]} 31. a4 {[%emt 0:00:20]} Rd8 {[%emt 0:05:47]} 32. f4 {[%emt 0:04:05]} e6 {[%emt 0:02:27]} 33. Rfd1 {[%emt 0:01:01]} Ke7 {[%emt 0:01:29]} 34. Kf3 {[%emt 0:01:15]} exd5 {[%emt 0:00:27]} 35. Bxd5 {[%emt 0:00:39]} Rcd7 {[%emt 0:00:19]} 36. g4 {[%emt 0:00:35]} f5 {[%emt 0:00:46]} 37. g5 {[%emt 0:00:10]} Kf8 {[%emt 0:00:32]} 38. Rd3 {[%emt 0:00:30]} fxe4+ {[%emt 0:00:20]} 39. Kxe4 {[%emt 0:00:02]} Re7+ {[%emt 0:00:34]} 40. Kf3 {[%emt 0:00:00]} Bd4 {[%emt 0:00:00]} 41. Bc4 {[%emt 0:08:52]} Rde8 {[%emt 0:01:58]} 42. Kg4 {[%emt 0:01:24]} Re3 {[%emt 0:11:03]} 43. Rxe3 {[%emt 0:01:00]} Rxe3 {[%emt 0:00:11]} 44. h4 {[%emt 0:01:22]} Kg7 {[%emt 0:06:08]} 45. h5 {[%emt 0:04:08]} h6 {[%emt 0:00:56]} 46. hxg6 {[%emt 0:01:11]} hxg5 {[%emt 0:00:09]} 47. Kxg5 {[%emt 0:02:44]} Rg3+ {[%emt 0:02:16]} 48. Kf5 {[%emt 0:00:12]} Rxg6 {[%emt 0:00:14]} 49. Re1 {[%emt 0:02:10]} Rf6+ $16 {[%emt 0:00:06]} 50. Kg4 {[%emt 0:01:56]} Rg6+ {[%emt 0:01:01]} 51. Kf3 {[%emt 0:00:12]} Kf8 {[%emt 0:00:39]} 52. Rh1 {[%emt 0:00:30]} Ke7 {[%emt 0:01:09]} 53. Rh7+ {[%emt 0:00:39]} Rg7 {[%emt 0:00:02]} 54. Rh6 {[%emt 0:00:07]} Bf6 {[%emt 0:01:18]} 55. Ke4 {[%emt 0:00:08]} Rg2 {[%emt 0:08:03]} 56. Kf5 {[%emt 0:00:07]} Bc3 {[%emt 0:02:59]} 57. Ra6 {[%emt 0:00:30]} Bd2 {[%emt 0:00:50]} 58. Ra7+ {[%emt 0:05:43]} Kf8 {[%emt 0:00:26]} 59. Ke5 {[%emt 0:01:13]} Rg4 {[%emt 0:00:32]} 60. f5 {[%emt 0:00:52]} Rxc4 {[%emt 0:00:32]} 61. bxc4 {[%emt 0:00:17]} b3 {[%emt 0:00:01]} 62. Rb7 {[%emt 0:02:18]} Bb4 {[%emt 0:00:08]} 63. Ke6 {[%emt 0:00:18]} b2 {[%emt 0:00:54]} 64. f6 {[%emt 0:00:24]} Kg8 {[%emt 0:00:05]} 65. Rg7+ {[%emt 0:00:53]} Kf8 {[%emt 0:00:20]} 66. Rg1 {[%emt 0:00:26]} Bc3 {[%emt 0:00:29]} 67. Rh1 {[%emt 0:01:44]} 1-0

[Event "Budapest Spring Festival 2019"]
[Site "Budapest"]
[Date "2019.04.12"]
[Round "4.40"]
[White "Havanecz, Bianka"]
[Black "Lye, Lik Zang"]
[Result "1/2-1/2"]
[WhiteElo "2265"]
[BlackElo "2377"]
[Annotator "ChessBase"]
[PlyCount "129"]
[EventDate "2019.04.09"]
[EventType "swiss"]
[EventCountry "HUN"]
[SourceTitle "playchess.com"]
[Source "ChessBase"]
[SourceQuality "1"]
[TimeControl "40/5400+30:1800+30"]

1. c4 {[%emt 0:00:03]} c6 {[%emt 0:01:24]} 2. d4 {[%emt 0:00:06]} Nf6 {[%emt 0:00:39]} 3. Nf3 {[%emt 0:00:09]} d5 {[%emt 0:00:11]} 4. Nc3 {[%emt 0:00:06]} dxc4 {[%emt 0:02:21]} 5. a4 {[%emt 0:00:06]} Bf5 {[%emt 0:00:09]} 6. e3 {[%emt 0:00:05]} e6 {[%emt 0:00:20]} 7. Bxc4 {[%emt 0:00:05]} Bb4 {[%emt 0:00:08]} 8. O-O {[%emt 0:00:04]} Nbd7 {[%emt 0:00:08]} 9. Qe2 {[%emt 0:00:11]} Bg6 {[%emt 0:00:30]} 10. e4 {[%emt 0:00:07]} O-O {[%emt 0:01:36]} 11. Bd3 {[%emt 0:00:21]} Bh5 {[%emt 0:01:46]} 12. e5 {[%emt 0:00:08]} Nd5 {[%emt 0:00:20]} 13. Nxd5 {[%emt 0:00:05]} cxd5 {[%emt 0:00:08]} 14. Qe3 {[%emt 0:00:05]} Re8 {[%emt 0:07:02]} 15. Ng5 {[%emt 0:08:02]} Bg6 {[%emt 0:04:15]} 16. Bxg6 {[%emt 0:00:23]} fxg6 {[%emt 0:09:56]} 17. Qh3 {[%emt 0:12:41]} Nf8 {[%emt 0:00:26]} 18. Be3 {[%emt 0:06:21]} Rc8 {[%emt 0:12:18]} 19. Rfc1 {[%emt 0:00:27]} Qd7 {[%emt 0:03:00]} 20. Qf3 {[%emt 0:03:06]} Rxc1+ {[%emt 0:05:02]} 21. Bxc1 {[%emt 0:00:39]} Rc8 {[%emt 0:01:38]} 22. h4 {[%emt 0:00:58]} h6 {[%emt 0:03:36]} 23. Nh3 {[%emt 0:00:06]} Rc4 {[%emt 0:07:47]} 24. Qd1 {[%emt 0:02:18]} Qc6 {[%emt 0:11:29]} 25. Nf4 {[%emt 0:00:54]} Be7 {[%emt 0:06:12]} 26. g3 {[%emt 0:00:18]} Qb6 {[%emt 0:04:05]} 27. Ne2 {[%emt 0:00:34]} Rc7 {[%emt 0:02:22]} 28. Kg2 {[%emt 0:10:56]} Qc6 {[%emt 0:04:48]} 29. Qd3 {[%emt 0:05:36]} Qc2 {[%emt 0:01:13]} 30. Qxc2 {[%emt 0:00:06]} Rxc2 {[%emt 0:00:04]} 31. Kf3 {[%emt 0:00:07]} Nd7 {[%emt 0:04:00]} 32. Ke3 {[%emt 0:00:11]} Nb8 {[%emt 0:01:02]} 33. Kd3 {[%emt 0:00:28]} Rc8 {[%emt 0:00:50]} 34. Bd2 {[%emt 0:00:52]} Nc6 {[%emt 0:01:02]} 35. Rc1 {[%emt 0:00:15]} Kf7 {[%emt 0:02:05]} 36. Ke3 {[%emt 0:05:51]} Bd8 {[%emt 0:01:28]} 37. b4 {[%emt 0:00:43]} Ne7 {[%emt 0:00:48]} 38. Rxc8 {[%emt 0:05:28]} Nxc8 {[%emt 0:00:03]} 39. a5 {[%emt 0:00:58]} a6 {[%emt 0:01:21]} 40. Kd3 {[%emt 0:00:00]} Na7 {[%emt 0:00:00]} 41. Kc3 {[%emt 0:02:13]} Nb5+ {[%emt 0:13:08]} 42. Kb3 {[%emt 0:00:11]} Bc7 {[%emt 0:05:21]} 43. Be3 {[%emt 0:00:19]} Bb8 {[%emt 0:00:40]} 44. Kc2 {[%emt 0:01:29]} Bc7 {[%emt 0:01:44]} 45. Nc1 {[%emt 0:01:43]} b6 {[%emt 0:04:31]} 46. Nb3 {[%emt 0:05:21]} Ke7 {[%emt 0:01:29]} 47. Kd3 {[%emt 0:00:55]} Kd7 {[%emt 0:01:02]} 48. Bd2 {[%emt 0:00:41]} Na3 {[%emt 0:01:46]} 49. Be1 {[%emt 0:04:20]} Kc6 {[%emt 0:01:41]} 50. axb6 {[%emt 0:01:53]} Bxb6 {[%emt 0:00:05]} 51. Nc1 {[%emt 0:00:35]} Bxd4 {[%emt 0:00:45]} 52. Kxd4 {[%emt 0:02:33]} Nc2+ {[%emt 0:00:03]} 53. Kc3 {[%emt 0:00:08]} Nxe1 {[%emt 0:00:04]} 54. f4 {[%emt 0:00:36]} Nf3 {[%emt 0:02:52]} 55. Nb3 {[%emt 0:00:44]} g5 {[%emt 0:02:15]} 56. hxg5 {[%emt 0:00:21]} hxg5 {[%emt 0:00:23]} 57. Nc5 {[%emt 0:00:55]} gxf4 {[%emt 0:00:47]} 58. gxf4 {[%emt 0:00:14]} g5 {[%emt 0:00:37]} 59. fxg5 {[%emt 0:02:23]} Nxg5 {[%emt 0:00:17]} 60. Nxa6 {[%emt 0:00:20]} Nf3 {[%emt 0:00:27]} 61. Nc5 {[%emt 0:00:17]} Nxe5 {[%emt 0:00:43]} 62. Nxe6 {[%emt 0:00:08]} Kb6 {[%emt 0:00:38]} 63. Kd4 {[%emt 0:00:20]} Nc6+ {[%emt 0:00:05]} 64. Kxd5 {[%emt 0:00:05]} Nxb4+ {[%emt 0:00:03]} 65. Ke4 1/2-1/2

[Event "Budapest Spring Festival 2019"]
[Site "Budapest"]
[Date "2019.04.13"]
[Round "5.1"]
[White "Aryan Chopra"]
[Black "Onischuk, Vladimir"]
[Result "1/2-1/2"]
[WhiteElo "2547"]
[BlackElo "2627"]
[Annotator "TA"]
[PlyCount "99"]
[EventDate "2019.04.09"]
[EventType "swiss"]
[EventCountry "HUN"]
[SourceTitle "playchess.com"]
[Source "ChessBase"]
[SourceQuality "1"]

{[%evp 23,99,45,46,40,39,47,50,45,41,33,71,64,85,68,94,53,48,45,93,36,39,39,38,8,22,3,27,25,46,56,66,0,0,0,0,0,33,41,34,32,59,41,41,31,33,18,85,65,65,65,65,65,65,65,65,0,73,73,85,65,65,65,65,65,65,8,8,8,8,8,8,8,8,8,8,8,8,8]} 1. e4 d6 2. d4 g6 3. Nc3 Bg7 4. f4 Nf6 5. Bd3 O-O 6. Nf3 Na6 7. O-O c5 8. d5 Bg4 9. Bc4 Nc7 10. h3 Bxf3 11. Qxf3 a6 12. a4 b6 13. f5 {B09: Pirc Defence: Austrian Attack} (13. Qd3 Qc8 14. Be3 Rb8 15. Rab1 Nd7 16. Kh1 Rd8 17. b4 cxb4 18. Rxb4 Nc5 19. Bxc5 bxc5 20. Rxb8 Qxb8 {½-½ (32) So,W (2673)-Grischuk,A (2773) Moscow 2011}) 13... Nd7 14. Be2 Ne5 $146 ({Predecessor:} 14... Qb8 15. Ra3 Qb7 16. Rb3 e6 17. dxe6 fxe6 18. Qg3 Ne5 19. fxg6 Rxf1+ 20. Bxf1 hxg6 {½-½ (30) Hoevers,G-Bottema,T ICCF email 2013}) 15. Qg3 {White is slightly better.} b5 16. Nd1 bxa4 17. Rxa4 Qd7 18. Ra2 Rfb8 19. Ne3 Rb4 20. Qf4 Rf8 21. c3 (21. Bd2 $16) 21... Ra4 $1 $14 {[%cal Ra4a2]} 22. Rxa4 Qxa4 23. g4 h6 24. h4 Ne8 (24... g5 $5 25. hxg5 hxg5 26. Qxg5 Qxe4 $14) 25. g5 hxg5 26. hxg5 {Strongly threatening Qh4.} f6 $1 27. fxg6 (27. Bd1 $14 Qa1 28. Be2) 27... fxg5 $11 28. Qxg5 {[#] Nf5 is the strong threat.} Rxf1+ 29. Kxf1 Qxe4 (29... Nf6 {is interesting.} 30. c4 Qa1 31. Nd1 Nxe4 32. Qxe7 Qxc1 33. Qe6+ Kf8) 30. Qxe7 Qxg6 31. Qe6+ Qf7+ 32. Qxf7+ (32. Nf5 {feels hotter.} Nc7 33. Qxf7+ Nxf7 34. c4 Bf6 35. Bh5) 32... Kxf7 33. Bxa6 Bh6 34. Ke2 Ng4 (34... Nf6 $1 $11) 35. Bb5 Nef6 36. Bc6 Nxe3 37. Bxe3 Bxe3 38. Kxe3 $14 {[%mdl 4096] Endgame KB-KN} Ng4+ 39. Ke4 (39. Kd3 $14) 39... Ne5 (39... Nf2+ $1 $11 {remains equal.} 40. Ke3 Nd1+ 41. Kd2 Nxb2) 40. Bb5 $16 Ke7 41. b4 cxb4 42. cxb4 Kd8 43. Bc6 Kc7 44. b5 (44. Ba4 $14) 44... Kb6 $11 {The position is equal.} 45. Kf5 Nc4 46. Ke6 Kc5 47. Kd7 Nb6+ 48. Kc7 Nxd5+ 49. Bxd5 {[#] Threatening mate with Bc6.} Kxb5 50. Kxd6 {Accuracy: White = 44%, Black = 64%.} 1/2-1/2

[Event "Budapest Spring Festival 2019"]
[Site "Budapest"]
[Date "2019.04.13"]
[Round "5.2"]
[White "Gopal G.N."]
[Black "Krzyzanowski, Marcin"]
[Result "1/2-1/2"]
[WhiteElo "2589"]
[BlackElo "2509"]
[Annotator "TA"]
[PlyCount "45"]
[EventDate "2019.04.09"]
[EventType "swiss"]
[EventCountry "HUN"]
[SourceTitle "playchess.com"]
[Source "ChessBase"]
[SourceQuality "1"]

{[%evp 14,45,31,31,41,37,57,36,36,44,36,37,45,23,25,24,39,25,21,5,22,0,0,0,0,0,0,2,16,-28,-27,-13,0,-58]} 1. e4 e5 2. Nf3 Nc6 3. Bb5 g6 4. c3 a6 5. Ba4 d6 6. d4 Bd7 7. O-O Bg7 8. Re1 h6 {C76: Ruy Lopez: Deferred Steinitz: 5 c3 Bd7 6 d4 g6} 9. h3 Nge7 10. Be3 O-O {White is slightly better.} 11. dxe5 dxe5 12. Bc5 Re8 13. Nbd2 {[%cal Bb1d2,Bd2f1,Bf1e3,Be3d5][%mdl 32]} b6 14. Ba3 {[#]} Qc8 $146 ({Predecessor:} 14... Na7 15. Bxd7 Qxd7 16. Nc4 {1-0 (55) Caruana,F (2774)-Ivanchuk,V (2755) Thessaloniki 2013}) 15. Nf1 b5 16. Bb3 Na5 17. Ne3 Nxb3 18. axb3 Be6 19. Bc5 Kh7 20. Qc2 Nc6 21. Rad1 a5 22. Nd5 Qb7 23. b4 {Accuracy: White = 44%, Black = 91%.} (23. Be3 $11) 1/2-1/2

[Event "Budapest Spring Festival 2019"]
[Site "Budapest"]
[Date "2019.04.13"]
[Round "5.3"]
[White "Stupak, Kirill"]
[Black "Santos Latasa, Jaime"]
[Result "1/2-1/2"]
[WhiteElo "2547"]
[BlackElo "2585"]
[Annotator "TA"]
[PlyCount "72"]
[EventDate "2019.04.09"]
[EventType "swiss"]
[EventCountry "HUN"]
[SourceTitle "playchess.com"]
[Source "ChessBase"]
[SourceQuality "1"]

{[%evp 16,72,31,45,53,59,45,0,0,27,18,6,35,25,20,17,52,24,47,0,11,25,16,17,19,0,7,13,30,28,60,62,54,58,100,103,87,93,108,39,35,39,33,33,39,0,85,64,85,9,67,58,85,0,0,0,86,0,0]} 1. d4 Nf6 2. c4 c5 3. d5 b5 4. cxb5 a6 5. bxa6 g6 6. Nc3 Bg7 7. Nf3 O-O 8. g3 d6 9. Bg2 Nbd7 {A58: Benko/Volga Gambit: Lines with 5 bxa6} (9... Nxa6 10. O-O Bf5 11. Nh4 Bd7 12. b3 Qb6 13. Bd2 Rfb8 14. Re1 Nc7 15. Qc2 Ra3 16. Qc1 Qa7 17. e4 Ng4 18. h3 {0-1 (38) Li,C (2732)-Shankland,S (2671) Liaocheng 2018}) 10. O-O Nb6 11. Nh4 Bxa6 12. Qc2 Nfd7 13. Nf3 Qc7 $146 ({Predecessor:} 13... Nc4 14. Nd2 Nxd2 15. Bxd2 Qb6 16. Rab1 Rfb8 17. b3 {1-0 (51) Kempinski,R (2613)-Skalski,M (2459) Karpacz 2008}) 14. Rd1 Rfb8 15. Nd2 Nc8 16. Nf1 Na7 17. Rb1 Nb5 18. Nxb5 $1 Bxb5 19. b3 Qb7 20. Re1 Ne5 21. Ne3 Qb6 22. Kf1 Qa6 23. a4 Bd7 24. Bd2 Ng4 25. Nxg4 $1 Bxg4 26. Be4 Qb7 27. b4 (27. a5 $16) 27... cxb4 $14 28. Rxb4 Qxb4 29. Bxb4 Rxb4 30. Kg2 (30. Rb1 $5 {[%cal Rb1b4]} Raxa4 31. Rxb4 Rxb4 32. Bd3 $14) 30... Rbxa4 (30... Rc8 $1 $11 31. Qa2 (31. Qd3 Rc3 $11) 31... Rxe4) 31. h3 $36 {[%mdl 2048] Black is under pressure.} Bd7 32. Qc7 (32. Bd3 $16) 32... R4a7 (32... Bxh3+ $1 $11 33. Kxh3 Rxe4) 33. Qb6 $1 Ra6 {[#]} 34. Qc7 (34. Qe3 $1 $16) 34... R6a7 $11 35. Qb6 (35. Qc2 $11) 35... Ra6 $1 $16 {[%cal Ra6b6] [#]} 36. Qc7 (36. Qe3 $1 $16) 36... R6a7 {Accuracy: White = 51%, Black = 42%.} 1/2-1/2

[Event "Budapest Spring Festival 2019"]
[Site "Budapest"]
[Date "2019.04.13"]
[Round "5.4"]
[White "Mikhalevski, Victor"]
[Black "Arjun Kalyan"]
[Result "1/2-1/2"]
[WhiteElo "2580"]
[BlackElo "2445"]
[Annotator "ChessBase"]
[PlyCount "52"]
[EventDate "2019.04.09"]
[EventType "swiss"]
[EventCountry "HUN"]
[SourceTitle "playchess.com"]
[Source "ChessBase"]
[SourceQuality "1"]
[TimeControl "40/5400+30:1800+30"]

1. d4 {[%emt 0:00:03]} d5 {[%emt 0:00:07]} 2. c4 {[%emt 0:00:07]} c6 {[%emt 0:00:04]} 3. cxd5 {[%emt 0:00:06]} cxd5 {[%emt 0:00:12]} 4. Bg5 {[%emt 0:00:04]} Nc6 {[%emt 0:01:02]} 5. Nc3 {[%emt 0:00:27]} f6 {[%emt 0:00:31]} 6. Bd2 {[%emt 0:00:47]} e5 {[%emt 0:00:22]} 7. e4 {[%emt 0:01:28]} dxe4 {[%emt 0:00:10]} 8. dxe5 {[%emt 0:00:34]} fxe5 {[%emt 0:00:25]} 9. Nxe4 {[%emt 0:02:22]} Nf6 {[%emt 0:01:04]} 10. Nxf6+ {[%emt 0:02:47]} Qxf6 {[%emt 0:00:03]} 11. Bc3 {[%emt 0:01:17]} Bd7 {[%emt 0:13:40]} 12. Qh5+ {[%emt 0:14:42]} g6 {[%emt 0:01:48]} 13. Qf3 {[%emt 0:00:05]} Bg7 {[%emt 0:01:37]} 14. Qxf6 {[%emt 0:04:09]} Bxf6 {[%emt 0:00:01]} 15. Bd3 {[%emt 0:09:58]} O-O-O {[%emt 0:13:15]} 16. Ne2 {[%emt 0:07:09]} Nd4 {[%emt 0:03:24]} 17. Ng3 {[%emt 0:09:14]} Bc6 {[%emt 0:06:31]} 18. Be4 {[%emt 0:01:45]} Rd6 {[%emt 0:22:13]} 19. Rc1 {[%emt 0:07:13]} Bg5 {[%emt 0:02:26]} 20. Rd1 {[%emt 0:00:10]} Rhd8 {[%emt 0:04:59]} 21. Bxc6 {[%emt 0:01:49]} Rxc6 {[%emt 0:00:12]} 22. Ne4 {[%emt 0:00:10]} Bh6 {[%emt 0:01:20]} 23. h4 {[%emt 0:01:45]} Rc4 {[%emt 0:01:57]} 24. Ng5 {[%emt 0:04:38]} Rd7 {[%emt 0:08:33]} 25. Bxd4 {[%emt 0:13:50]} exd4 {[%emt 0:00:46]} 26. Kd2 {[%emt 0:00:07]} Ra4 {[%emt 0:02:29]} 1/2-1/2